000
00223nam a22000857a 4500
008
160630b xxu||||| |||| 00| 0 eng d
100
_9
1513
_a
Saggar, S.K
245
_a
Physical Fitness for Good Health
260
_a
N.D
_b
Vikas
_c
1995
999
_c
1248
_d
1248